000 00372pam a2200157a 44500
008 230515b1999 xxu||||| |||| 00| 0 eng d
020 _aNULL
041 _aENG
082 _a610.73691
100 _aAleyamma Eapen & Sr mary Lucita
245 _aCardiovascular nursing
250 _a0
260 _aNULL
_b"B I pub , madras, "
_c1999
300 _a175
650 _aN.D.
999 _c522362
_d522362